| 000 | 00724nam a2200217 i 4500 | ||
|---|---|---|---|
| 001 | 134003 | ||
| 003 | ES-MaACL | ||
| 005 | 20250822062552.0 | ||
| 007 | t| | ||
| 008 | 070904s1960 sp ||||1| spa d | ||
| 100 | 1 |
_aWukmir, V. J. _9117438 |
|
| 245 | 1 | 0 |
_aPsicología de la orientación vital _b: (sufro, luego existo) / _cV. J. Wukmir ; con un prólogo de Ramón Sarró. |
| 260 |
_aBarcelona : _bLuis Miracle, _c1960. |
||
| 300 |
_a432 p. ; _c24 cm. |
||
| 490 | 1 |
_aBiblioteca de antropología ; _v21 |
|
| 650 | 1 | 7 |
_aPsicología _2embne _916540 |
| 700 | 1 |
_aSarró, Ramón. _9103872 |
|
| 830 | 0 |
_aBiblioteca de antropología _v21 _9180743 |
|
| 852 |
_aES-MaACL _jC-18408 _bR.46917 |
||
| 999 |
_c134003 _d134003 |
||